| 000 | 00615nam a22001937a 4500 | ||
|---|---|---|---|
| 005 | 20140508115122.0 | ||
| 010 | _aENG-109732 | ||
| 020 |
_a9788173817557 _c185.00 |
||
| 035 | _aEN-93265 | ||
| 037 | _bDBAD/PUB | ||
| 082 | _a519.4 | ||
| 100 | _aDas, A.N. | ||
| 245 | 0 | 0 |
_aNumerical analysis with elements of computer science : _cby A.N. Das _bfor BSC (general course) students / |
| 260 |
_aKolkata _bNew Central Book Agency _c2012 |
||
| 270 |
_a8/1 Chintamoni Das Lane _bKolkata _e700009 |
||
| 300 |
_aix,246,53p. : _c24cm(pbk) _bill. |
||
| 500 | _aIncludes index | ||
| 942 |
_2ddc _cEN _mDAS _h519.4 |
||
| 999 |
_c83584 _d83584 |
||